000 00763nam a22002537a 4500
001 BR6000140
003 BR-BrBNA
005 20230928095530.0
007 ta
008 230509b bl.||||| |||| 00| 0 por d
040 _aBR-BrBNA
_bpor
_cBiblioteca Nacional de Agricultura
041 _a(Por)
072 _aD10
090 _ D10 BR6000140
100 1 _aBarbosa Filho, R.A.
110 1 _aMinisterio da Agricultura, Brasilia, DF (Brasil). Escritorio Central de Planejamento e Controle
_96800
245 1 _aElementos basicos para reestruturacoes do setor administrativo
260 3 _aBrasilia, DF (Brasil):
_c1970.
300 _a41 p.
650 _aAdministracao
650 _aInstituicao Agricola
909 _a202309
_bLucia
_c55
_dLucia Elande
942 _cBK
999 _c57130
_d57130